Quizzes
Events
Quiz Creation
Community
Videos
Private Events
Remove Ads
Sign In
Join for FREE
Feedback
Dark Mode
Quiz Categories
Sports
Geography
Music
Movies
Television
Just For Fun
Miscellaneous
History
Literature
Language
Science
Gaming
Entertainment
Religion
Holiday
For Kids
Quiz Lab
Recent
Popular Today
Quiz Kudos Today
Editor Picks
Curator Picks
Quizzes by...
Day
Popularity
Type
Ratings
Length
Year
Community
Subscriptions
Recent Discussions
Orange Saloon
Badges
Playlists
Quests
Create
Leaderboards
Showdown
Live 5
Trivia Bingo
Activity
Puzzle Library
Sporcle Events
Private Events
Virtual Trivia
Globe League
Become a Host
Pub Owners
SporcleCon
Opinionation
Our Games
Videos
Blog
Mobile Apps
Partnerships
Remove Ads and Go Orange
Feedback
Geography
Country
Landmarks
City
State
Population
World
Capital
Continent
Flags
Europe
Africa
Asia
South America
North America
Oceania
Border
Canada
United Kingdom
Topography
United States
Geography
Country
Landmarks
City
State
Population
World
Capital
Continent
Flags
Europe
Africa
Asia
South America
North America
Oceania
Border
Canada
United Kingdom
Topography
United States
Random Quiz
Search Sporcle
×
Quiz Lab
Quiz Lab
Geography
Nation
Type in answers that appear in a list
Type in answers that appear in a list
Classic
Best Score? Go Orange.
I'm not from here, neither are you Stats
Can you name the countries where immigrants make up the highest percentage of the national population?
By
aionis
4m
20 Questions
769 Plays
769 Plays
769 Plays
Comments
Comments
Give Quiz Kudos
Give Quiz Kudos
-
- Ratings
hide this ad
More Info
Replay
Link that replays current quiz
Next Quiz
Link to next quiz in quiz playlist
You Got
0%
They Got
Avg Score
61%
Avg Friend Score
Upgrade to see
Score Distribution
Jump to the score distribution portion of the page
Score
0/20
Timer
04:00
0
Plays Today
Percentage of Foreign Born Population
Country
% Correct
100
Vatican
87.1%
71.4
United Arab Emirates
77.8%
70.11
Monaco
76.5%
77.25
Andorra
71.9%
35.31
Liechtenstein
71.3%
32.01
San Marino
71.1%
42.6
Singapore
70.7%
37.42
Luxembourg
69.6%
37.87
Israel
68%
75.9
Qatar
67.8%
Percentage of Foreign Born Population
Country
% Correct
42.22
Bahrain
64%
19.93
Australia
63.8%
62.11
Kuwait
62.8%
25.25
Saudi Arabia
61.8%
24.46
Oman
59.4%
39.01
Jordan
47.1%
33.16
Brunei
45.3%
22.89
Switzerland
42.9%
38.45
Nauru
32%
22.09
Antigua and Barbuda
20.3%
Quiz Playlist
Details
Report
Send in Message
Add To Playlist
More Info:
Name the countries where immigrants make up the highest percentage of national population.
Classic:
Type in answers that appear in a list
Quiz Source
Last Updated: Feb 16, 2017
Quiz Scoreboard
CHALLENGE
Sign Up to Join the Scoreboard
Show All
Scores
Hide
Comments
May contain spoilers
Recently Published
Billboard Blitz: Fleetwood Mac
by CooCooCachoo
Music
15s
Presidents Visiting Landmarks
by Hejman
History
7m
An Introduction to Baseball
by treessimontrees
Sports
5m
More to Explore
Quiz From the Vault
Featured Blog Post
Where Did the Easter Bunny Come From?
hide this ad
You Might Also Like...
Tags
Country Quiz
Nation Quiz
foreign
immigrant
Today's Top Quizzes in Geography
Browse Geography
hide this ad
Today's Top Quizzes in Nation
Browse Nation
Top Contributed Quizzes in Geography
1
Countries of the World - No Outlines Minefield
2
Top 25 Cities of France on a map
3
Any capital of a 'B' country per Continent
4
Any capital of a 'C' country per Continent
5
Closest Countries to UK A-Z
6
Any capital of a 'D' country per Continent
7
5-to-1: US Geography No Hints
8
One Thing in Common: United Kingdom
9
Any capital of an 'E' country per Continent
10
Any capital of an 'F' country per Continent
Explore More
Trending Topics
Marvel
Harry Potter
Crossword
Anime
Disney
Kpop
NBA
Soccer
WWE
Country
NFL
Puzzle
The Office
Song
Pokémon
hide this ad
More By:
aionis
Quiz
Plays
Rating
Category
Featured
Created
'P' Pokémon
87,655
4.22
Gaming
Nov 10, 2009
Finish the Beatles Title II
27,498
4.44
Music
Nov 30, 2009
Wizard of Oz Grab Bag
4,102
4.40
Movies
Mar 31, 2011
Sound of Music Grab Bag
2,266
4.23
Movies
Mar 14, 2011
Can you figure out the song with no hints?
935
3.75
Music
Mar 28, 2011
Go to Creator's Profile
Score Distribution
Quiz Creator Spotlight
aionis
Follow
Send a Message
Quizzes Created
-
Created Quiz Play Count
-
More By This Creator
Popular Quizzes Today
1
Find the US States - No Outlines Minefield
2
Find the Countries of Europe - No Outlines Minefield
3
The Countries of the World
4
Find the US States
5
Risky Map Clicking: Biggest States A-Z
6
US States
7
Popular People in 1961
8
Movies - When Are They Set?
More Geography Quizzes
40 Landmarks: Singapore
Quiz Lab
Trending Quizzes
Risky Map Clicking: Least Populous States A-Z
1-10 Letter G Words
1-10 Letter F Words
Risky Map Clicking: Next State Alphabetically
Risky Map Clicking: Biggest States A-Z
Recently Updated
Leaping Animals
pecheneg
Reality TV Shows (A-Z)
bhenderson79
Rickey Henderson's Hall of Fame Teammates
pecheneg
Champions League XIs: Arsenal
pecheneg
Quick Pick: Celebrities in WWE's Hall of Fame
aduchscher
A-Z Keypad Blitz II
pecheneg
Multiple Oscar Actors
pecheneg
Mystery Phrase Blitz: Oscar 'Best Actors'
pecheneg
F. Scott Fitzgerald Novels
LTH
Pick 3 Villains
ddd62291
Trending Topics
Anime
Harry Potter
NBA
Kpop
Disney
Marvel
Crossword
WWE
Soccer
Country
Puzzle
Pokémon
The Office
Song
NFL
Your Account Isn't Verified!
In order to create a playlist on Sporcle, you need to verify the email address you used during registration. Go to your
Sporcle Settings
to finish the process.
Report this User
Report this user for behavior that violates our
Community Guidelines
.
Details:
Send Report
Go to the Sporcle.com Mobile Site →
Comments